000 002480000a22000970004500
100 1 _aWesthead, Nigel
245 1 0 _aEvangelicals and sabbath keeping in the 1990s
300 _aVol. 13, Núm 2 (1995), Páginas 48-61
773 0 _tEvangel
942 _cANA
999 _c54214
_d54214